| 000 | 00335nam a22001337a 4500 | ||
|---|---|---|---|
| 020 | _a9789693524949 | ||
| 040 | _cNUST | ||
| 082 | _a297.4 AHM | ||
| 100 |
_aAhmad Rafiq Akhtar, Prof _988614 |
||
| 245 | _aSafar Akhar-e-Shab | ||
| 260 |
_aLAHORE: _bSang E Meel Publications, _c2016. |
||
| 650 |
_aIslam-Sufism _989539 |
||
| 942 |
_2ddc _cBK |
||
| 999 |
_c587701 _d587701 |
||